| 000 | 00671nam a2200253Ia 4500 | ||
|---|---|---|---|
| 008 | 181129s9999 xx 000 0 und d | ||
| 020 | _a9780439676588 | ||
| 050 | _bA375 2004 | ||
| 100 | _aAlexander, Francie | ||
| 245 | 0 | _aPlease, Thank you! / | |
| 245 | 0 | _cby Francine Alexander ; illustrated by Hideko Takahashi. | |
| 260 | _aNew York, NY : | ||
| 260 | _bScholastic, | ||
| 260 | _c2004 | ||
| 300 | _a8 pages : | ||
| 300 | _bcolor illustrations ; | ||
| 300 | _c19cm. | ||
| 500 | _aBR | ||
| 650 | _aCourtesy. | ||
| 650 | _aEtiquette for childrenand teenagers. | ||
| 650 | _aReaders (Elementary). | ||
| 700 | _aTakahashi, Hideko. | ||
| 700 | _aTitle. | ||
| 999 |
_c359959 _d359959 |
||